| 000 | 01013nam a22002537a 4500 | ||
|---|---|---|---|
| 005 | 20170124102942.0 | ||
| 010 | _aB-076010 | ||
| 020 | _c100.00 | ||
| 035 | _aA-156766 | ||
| 037 | _bCen Lib/Ret | ||
| 040 |
_aDPL _bHN |
||
| 082 |
_a821 _bरस्तोगी |
||
| 100 |
_aरस्तोगी ,शैल _94358 |
||
| 245 |
_aकोने खुली किताब / _cशैल रस्तोगी |
||
| 246 |
_aKone khuli kitab _bby Shail Rastogi |
||
| 260 |
_aमेरठ _bईशान प्रकाशन _c2002 |
||
| 270 |
_a17,शिव पूरी निकट पुराना इवज सिनेमा _bमेरठ |
||
| 300 |
_a96पृष्ठ. _c21सेमी(सजिल्द) |
||
| 650 |
_aहिंदी साहित्य _948718 |
||
| 650 |
_aहिंदी कव्य -छंद _944447 |
||
| 650 |
_aHindi Literature _948720 |
||
| 650 |
_aHindi poetry-chhand _948722 |
||
| 942 |
_2ddc _cHN _h821 _mरस्तोगी |
||
| 999 |
_c112680 _d112680 |
||